000 00726nab a22001937a 4500
999 _c5775
_d5775
003 OSt
005 20260105220755.0
008 190514b xxu||||| |||| 00| 0 spa d
040 _cPJ
100 _95671
_aMuñiz, Javier
245 1 0 _aInfancias trans y protección mediática /
_cJavier Muñiz.
300 _ap. 117-123
505 _aSumario: I. El tema.— II. Sobre el caso.— III. Cuatro reflexiones sobre el caso.
505 _tSi te interesa el texto, comunicate a koha@justierradelfuego.gov.ar
650 0 _9967
_aDERECHO DE FAMILIA
650 0 _aTECNOLOGIA DE LA INFORMACION
_9289
773 0 _02844
_93222
_dBuenos Aires : AbeledoPerrot, 1989-
_tDerecho de familia. N° 113 - Marzo 2024
_z18511201
942 _2udc
_cANA